| 000 | 00412nam a2200157 4500 | ||
|---|---|---|---|
| 001 | 126441 | ||
| 003 | ES-MaACL | ||
| 005 | 20230906192824.0 | ||
| 007 | t| | ||
| 008 | 070214s1979 sp r ||||1| spa d | ||
| 100 | 1 |
_aRentero, Juan Carlos. _996244 |
|
| 245 | 1 | 0 |
_aWoody Allen / _cJuan Carlos Rentero. |
| 260 |
_aMadrid : _bJ. C., _c1979. |
||
| 300 |
_a135 p. ; _c20 cm. |
||
| 852 |
_aES-MaACL _jA-10460 _bR.99896 |
||
| 999 |
_c126441 _d126441 |
||